[Event "DOM-ch (Women)"]
[Site "Santo Domingo"]
[Date "2018.03.11"]
[Round "4"]
[White "Calderon Mejia, Yokauri"]
[Black "Coronado Paulino, Karen Libell"]
[Result "0-1"]
[WhiteElo "1466"]
[BlackElo "1676"]
[PlyCount "38"]
[EventDate "2018.03.09"]
[EventType "swiss"]
[EventRounds "8"]
[EventCountry "DOM"]
[SourceTitle "CBM 183 Extra"]
[Source "ChessBase"]
[SourceDate "2018.04.19"]
[SourceVersion "1"]
[SourceVersionDate "2018.04.19"]
[SourceQuality "1"]

1. e4 c5 2. Nf3 Nc6 3. d4 cxd4 4. Nxd4 Nf6 5. Nc3 e6 6. a3 a6 7. Bg5 Be7 8. Be2 0-0 9. 0-0 Nxe4 10. Nxc6 bxc6 11. Nxe4 Bxg5 12. Bd3 f5 13. Nd6 Bf4 14. Nc4 Bb7 15. Qf3 Bc7 16. Qh3 Qg5 17. g3 h6 18. f4 Qf6 19. b3 Qd4+ 0-1

[Event "Santo Domingo Duarte Memorial 6th"]
[Site "Santo Domingo"]
[Date "2017.01.27"]
[Round "1"]
[White "Coronado Paulino, Karen Libell"]
[Black "Camacho Campusano, David Daniel"]
[Result "0-1"]
[WhiteElo "1710"]
[BlackElo "2145"]
[PlyCount "60"]
[EventDate "2017.01.27"]
[EventType "swiss"]
[EventRounds "8"]
[EventCountry "DOM"]
[SourceTitle "CBM 176 Extra"]
[Source "ChessBase"]
[SourceDate "2017.03.02"]
[SourceVersion "1"]
[SourceVersionDate "2017.03.02"]
[SourceQuality "1"]

1. e4 e5 2. Nf3 Nc6 3. d4 exd4 4. Nxd4 Nf6 5. Bg5 Bc5 6. Nb3 Bxf2+ 7. Ke2 d6 8. h3 h6 9. Bxf6 Qxf6 10. Qd3 Ne5 11. Qc3 Bb6 12. N1d2 Qf2+ 13. Kd1 0-0 14. Nf3 Nxf3 15. Qxf3 Bd7 16. Qxf2 Bxf2 17. Kd2 Bc6 18. Bd3 f5 19. exf5 a5 20. h4 a4 21. Nc1 Rae8 22. Ne2 Bxg2 23. Rh2 Be3+ 24. Kc3 Be4 25. Bb5 c6 26. Bxa4 Rxf5 27. Bb3+ Kh7 28. a4 b5 29. Ng3 b4+ 30. Kxb4 Bc5+ 0-1

[Event "DOM-ch (Women)"]
[Site "Santo Domingo"]
[Date "2016.03.19"]
[Round "3"]
[White "Coronado Paulino, Karen Libell"]
[Black "Castillo Pena, Patricia Evarista"]
[Result "1-0"]
[WhiteElo "1682"]
[BlackElo "1727"]
[PlyCount "129"]
[EventDate "2016.03.18"]
[EventType "swiss"]
[EventRounds "8"]
[EventCountry "DOM"]
[SourceTitle "CBM 171 Extra"]
[Source "ChessBase"]
[SourceDate "2016.04.26"]
[SourceVersion "1"]
[SourceVersionDate "2016.04.26"]
[SourceQuality "1"]

1. e4 d5 2. exd5 Qxd5 3. Nc3 Qd6 4. Nf3 Nf6 5. Be2 c6 6. 0-0 Bf5 7. d3 Nbd7 8. Re1 e6 9. Bf1 0-0-0 10. g3 Bg4 11. h3 Bh5 12. Bg2 Qc7 13. Be3 Bd6 14. Qd2 h6 15. d4 g5 16. Re2 g4 17. hxg4 Nxg4 18. Ne4 Nxe3 19. Nxd6+ Qxd6 20. Qxe3 Rdg8 21. Rd2 f6 22. Re1 Bg4 23. Rd3 Nf8 24. d5 exd5 25. Qxa7 Ng6 26. Qa8+ Qb8 27. Qxb8+ Kxb8 28. Rde3 Rc8 29. Nd4 Kc7 30. a4 Bd7 31. Rf3 Rce8 32. Rxe8 Rxe8 33. Rxf6 Re1+ 34. Bf1 Ne5 35. Rxh6 Nc4 36. Nf3 Rc1 37. b3 Na5 38. Rh7 Kd6 39. Kg2 Rxc2 40. b4 Nc4 41. Rh6+ Kc7 42. Nd4 Rd2 43. Nb3 Rb2 44. Nc5 Bc8 45. Rh7+ Kb8 46. b5 cxb5 47. axb5 Ne3+ 48. Kg1 Nxf1 49. Kxf1 Rxb5 50. Nd3 Bf5 51. Rh8+ Kc7 52. Nf4 Kd6 53. Rd8+ Ke5 54. Ke2 Bg4+ 55. Ke3 Rb3+ 56. Nd3+ Ke6 57. Kd4 b6 58. Nf4+ Ke7 59. Rxd5 Rf3 60. Ng6+ Ke8 61. Ne5 Rxf2 62. Nxg4 Rg2 63. Re5+ Kd7 64. Re3 Kc6 65. Ne5+ 1-0

[Event "DOM-ch (Women)"]
[Site "Santo Domingo"]
[Date "2015.06.13"]
[Round "6"]
[White "Moronta Ramos, Dianelva Altagracia"]
[Black "Coronado Paulino, Karen Libell"]
[Result "1/2-1/2"]
[WhiteElo "1694"]
[BlackElo "1673"]
[PlyCount "63"]
[EventDate "2015.06.05"]
[EventType "swiss"]
[EventRounds "6"]
[EventCountry "DOM"]
[SourceTitle "CBM 167 Extra"]
[Source "ChessBase"]
[SourceDate "2015.09.14"]
[SourceVersion "1"]
[SourceVersionDate "2015.09.14"]
[SourceQuality "1"]

1. d4 Nf6 2. Nf3 g6 3. Bg5 Bg7 4. e3 0-0 5. Nbd2 d6 6. Be2 Nbd7 7. c3 c5 8. 0-0 cxd4 9. exd4 b6 10. Re1 Bb7 11. Qc2 Re8 12. Rad1 Rc8 13. Bb5 a6 14. Bd3 e5 15. Ne4 Qc7 16. Nxf6+ Nxf6 17. dxe5 dxe5 18. Bf1 Bxf3 19. gxf3 b5 20. Bh3 Rcd8 21. Rxd8 Qxd8 22. Rd1 Qb6 23. Be3 Qc6 24. Bg2 Qe6 25. b3 Nd5 26. Bc1 e4 27. fxe4 Nxc3 28. Re1 Rc8 29. Qd2 Qb6 30. Bh3 Rd8 31. Qc2 b4 32. Be3 1/2-1/2